| 000 | 00816 a2200193 4500 | ||
|---|---|---|---|
| 003 | Nust | ||
| 005 | 20241114184649.0 | ||
| 020 | _a0130224723 | ||
| 038 | _awaseem | ||
| 040 | _cNust | ||
| 082 | _a621.382,HAY | ||
| 100 |
_aHaykin,Simon _9776 |
||
| 245 |
_aModern wireless communications / _cSimon Haykin and Michael Moher |
||
| 260 |
_aNJ _bPearson education _c2011 |
||
| 300 | _axvvi,572 p | ||
| 505 | _aIntroduction (Page-1), Propagation and noise (Page-11), Modulation and frequency division multiple access (Page-103), Coding and time division multiple access (Page-179), Spread spectrum and code division multiple access (Page-258), Diversity,capacity and space division multiple access (Page-339), Wireless architectures (Page-450). | ||
| 650 |
_aModern wireless communication _912665 |
||
| 942 |
_2ddc _cBK |
||
| 999 |
_c212438 _d212438 |
||